| 000 | 00000nas 2200000za 4500 |
| 001 | 9.861937 |
| 003 | CaOODSP |
| 005 | 20221107160902 |
| 007 | cr ||||||||||| |
| 008 | 180914d19852002oncqr p oss f0###a0fre|d |
| 022 | |y0833-238X|y0319-8243 |
| 040 | |aCaOODSP|bfre |
| 041 | |aeng|afre |
| 043 | |an-cn--- |
| 086 | 1 |aCS62-007-PDF |
| 245 | 00|aConstruction price statistics |h[ressource électronique] / |cStatistics Canada, Prices Division = Statistiques des prix de la construction / Statistique Canada, Division des prix. |
| 246 | 11|aStatistiques des prix de la construction |
| 260 | |aOttawa : |bStatistics Canada = Statistique Canada, |c1985-2002. |
| 310 | |aTrimestriel |
| 362 | 0 |aVol. 1, no. 1 (1er trimestre 1985)-v. 17, no. 3 (3e trimestre 2001). |
| 500 | |aÉdition numérisée de l’imprimé [par Statistique Canada]. |
| 546 | |aTexte en anglais et en français. |
| 580 | |aFait suite à: Construction price statistics, monthly bulletin. |
| 580 | |aSuivi de: Capital expenditure price statistics. |
| 692 | 07|2gccst|aIndustrie de la construction |
| 710 | 1 |aCanada.|bStatistique Canada.|bDivision des prix. |
| 791 | |tConstruction price statistics |eeng|w(CaOODSP)9.861935 |